000 00675nam a2200277Ia 4500
005 20260324141926.0
008 008 260324s9999 xx 000 0 eng d
020 _a9780203379509
037 _aEBOOK
040 _aCRL
040 _beng
040 _cCRL
041 _2eng
041 _aeng
084 _qCRL
100 _aBernard W. Bell; Emily R. Grosholz; James B. Stewart
_91210030
245 0 _aW.E.B. Du Bois on Race and Culture
260 _bTaylor and Francis
260 _c1996
365 _a
365 _b180
856 _uhttp://www.taylorfrancis.com/books/9780203379509
942 _cEBOOK
999 _c1813646
_d1813646